| 000 | 01176cad a22002175a 4500 | ||
|---|---|---|---|
| 001 | L141444 | ||
| 008 | 071126s2007 xxk f f000 0 eng d | ||
| 035 | _a(Sirsi) u141444 | ||
| 041 | 0 | _aeng | |
| 050 | 0 | 4 | _a306.1 $2 18 |
| 110 | 1 |
_aUnited Kingdom _bParliament _bHouse of Commons _92119 |
|
| 245 | 0 | 0 |
_aHousing and Regeneration Bill _h[electronic resource] |
| 260 |
_aLondon _bHouse of Commons _c2007 |
||
| 520 | _aAims to establish the Homes and Communities Agency and makes provisions for it. Abolishes the Urban Regeneration Agency and Commission for New Towns and makes provision for these abolitions. Introduces regulatory measures connected with social housing. Enables the abolition of the Housing Corporation. Makes provision about sustainability certificates, landlord and tenant law, building regulations and mobile homes. Makes further provision about housing. | ||
| 590 | _aKA | ||
| 650 | 2 | 4 | _aHOUSING AND REGENERATION BILL 2007-08 |
| 651 | 4 |
_aUnited Kingdom _y |
|
| 690 |
_aResidential property _96266 |
||
| 856 | 4 | 0 |
_uhttps://services.parliament.uk/bills/2007-08/housingandregeneration.html _zView the Bill free of charge at www.parliament.uk... |
| 942 | _n0 | ||
| 999 |
_c107667 _d107667 |
||